| 000 | 00477cam a2200181ua 4500 | ||
|---|---|---|---|
| 001 | 2478 | ||
| 008 | 110823n ii |||gr||||Z||||||asm | ||
| 040 | _cMAIN | ||
| 082 | _a398.09145 | ||
| 100 | 1 | _aNinkhi, Rajib, | |
| 245 | 1 |
_aChinfoo : _bsamaj aru sabhyata / _cby Rajib Ninkhi |
|
| 250 | _a1st. | ||
| 260 |
_aNagaon: _buttar pub bharatar loka sanskriti gabekhsna kendra, _c2009. |
||
| 300 |
_a96p: _c23cm. |
||
| 653 | _aFolklore | ||
| 653 | _aAssamese Culture | ||
| 942 | _cBK | ||
| 999 |
_c2333 _d2333 |
||